| 000 | 00346cam a2200133ua 4500 | ||
|---|---|---|---|
| 003 | OSt | ||
| 008 | 210805b ||||| |||| 00| 0 eng d | ||
| 082 |
_a501 _bsci/ge |
||
| 245 | _aGeneral science for pre-university course / | ||
| 250 | _a4 / | ||
| 260 |
_a : _bScience staff of the Osmania university , _c1964. |
||
| 300 | _a252 ; . | ||
| 942 | _cBK | ||
| 999 |
_c8516 _d8516 |
||